Verdades eternas, explicadas en lecciones, ordenadas principalmente para los dias de los exercicios espirituales

Detalles Bibliográficos
Autor principal: Rosignoli, Carlo Gregorio 1631-1707
Otros Autores: Pinamonti, Giovanni Pietro 1632-1703 (coaut.)
Formato: Libro
Lenguaje:Spanish
Publicado: Filadelfia 1833
Materias:
Colección:Banco de datos
Acervo:Biblioteca de la Congregación del Oratorio de San Felipe Neri de México. Iglesia La Profesa
Descripción Física:XVI, 520 p. 14 cm.
Tema general:Ascética
Notas:Falta encuadernación. Daños de polilla
LEADER 01234nam a22001930004500
035 |a 416 
041 0 |a spa 
100 1 |a Rosignoli, Carlo Gregorio  |d 1631-1707 
245 1 0 |a Verdades eternas, explicadas en lecciones, ordenadas principalmente para los dias de los exercicios espirituales  |c por el P. Carlos Gregorio Rosignoli, de la Compañía de Jesús. Traducidas del toscano por un religioso de la misma Comp. de Jesús; quien las dedica a la gran maestra celestial sabiduría María Santissima, Señora Nuestra. Van añadidas en esta impresión las breves meditaciones sobre los novísimos, repartidas por los días del mes: La regla para vivir bien en todo tiempo, escritas por el Padre Juan Pedro Pinamonte, de dicha Compañía  
260 |a Filadelfia  |b se espende en México en la librería de Galván, Portal de Agustinos  |c 1833 
300 |a XVI, 520 p.  |c 14 cm. 
500 |a Falta encuadernación. Daños de polilla  
504 |a Índice de contenido 
650 1 0 |a Ascética 
700 1 |a Pinamonti, Giovanni Pietro  |d 1632-1703  |e coaut. 
949 |a Iglesia La Profesa, Biblioteca 525 
942 |c PROFESA 
943 |g Biblioteca de la Congregación del Oratorio de San Felipe Neri de México. Iglesia La Profesa 
999 |c 947227  |d 947227